| 000 | 00926nam a2200265 a 4500 | ||
|---|---|---|---|
| 003 | MX-MxUPN | ||
| 005 | 20240905103632.0 | ||
| 008 | 991125s1915 xxk fr 001 0 eng d | ||
| 035 | _aUPN01000018577 | ||
| 040 |
_aMX-MxUPN _bspa _cMX-MxUPN |
||
| 041 | _aeng | ||
| 050 | 4 |
_aLB1029 T75 _bS5.3 |
|
| 100 | 1 |
_aSleight, Walter Guy. _953394 |
|
| 245 | 1 | 0 |
_aEducational values & methods : _bbased on the principles of the training process |
| 260 |
_aOxford : _bThe Clarendon Press, _c1915. |
||
| 300 | _a364 páginas | ||
| 504 | _aIncluye índice. | ||
| 650 | 4 |
_aEducación _xMétodos experimentales _95868 |
|
| 650 | 4 |
_aEducación _xMetodología _912791 |
|
| 710 | 2 |
_951335 _aMuseo Pedagógico Nacional (México) _epropietario anterior |
|
| 710 | 1 |
_951349 _aMéxico. _epropietario anterior _bSecretaría de Educación Pública. _bBiblioteca Pública |
|
| 902 | _bMaríaRobles/020924 | ||
| 905 | _aLibro | ||
| 942 |
_2lcc _cLIBRO _n0 |
||
| 999 |
_c18577 _d18577 |
||